In welchem südosteuropäischen Land liegt die Stadt? - Statistiken

Allgemein
  • Dieses Quiz wurde 211 mal gespielt
    201 seit der letzten Aktualisierung
  • Das Durchschnittsergebnis liegt bei 12 aus 28
Antwortstatistiken
Hint Antwort % Korrekt
Dubrovnik
KROATIEN
76%
Pristina
KOSOVO
69%
Rijeka
KROATIEN
68%
Podgorica
MONTENEGRO
68%
Zadar
KROATIEN
62%
Maribor
SLOWENIEN
61%
Patras
GRIECHENLAND
60%
Durrës
ALBANIEN
56%
Burgas
BULGARIEN
54%
Novi Sad
SERBIEN
54%
Larisa
GRIECHENLAND
51%
Xanthi
GRIECHENLAND
51%
Mostar
BOSNIEN & HERZ.
43%
Banja Luka
BOSNIEN & HERZ.
39%
Niš
SERBIEN
39%
Prizren
KOSOVO
34%
Weliko Tarnowo
BULGARIEN
33%
Berat
ALBANIEN
31%
Bihać
BOSNIEN & HERZ.
31%
Subotica
SERBIEN
31%
Koper
SLOWENIEN
29%
Kranj
SLOWENIEN
28%
Kotor
MONTENEGRO
25%
Tetovo
NORDMAZEDONIEN
24%
Sliwen
BULGARIEN
23%
Bitola
NORDMAZEDONIEN
22%
Ohrid
NORDMAZEDONIEN
21%
Gjirokastra
ALBANIEN
18%
Keine übereinstimmenden Quizze gefunden
Verteilung der Resultate
Anzahl Personen mit jedem Resultat
Perzentil nach korrekt beantworteten Fragen
Ihre Resultats-Entwicklung
Sie haben dieses Quiz seit der letzten Aktualisierung nicht gespielt